Os sete pecados / (Record no. 79115)

MARC details
000 -LEADER
campo de control de longitud fija 00877nam a2200229 i 4500
001 - NÚMERO DE CONTROL
campo de control 79115
003 - IDENTIFICADOR DE NÚMERO DE CONTROL
campo de control ES-MaACL
005 - FECHA Y HORA DE LA ÚLTIMA TRANSACCIÓN
campo de control 20250727125620.0
007 - CAMPO FIJO DE DESCRIPCIÓN FÍSICA--INFORMACIÓN GENERAL
campo de control de longitud fija t|
008 - DATOS DE LONGITUD FIJA--INFORMACIÓN GENERAL
campo de control de longitud fija 041019s1927 po ||||1| por d
080 ## - NÚMERO DE LA CLASIFICACIÓN DECIMAL UNIVERSAL
Número de la Clasificación Decimal Universal 821.134.2(729.1)-32"19"
100 1# - ENTRADA PRINCIPAL--NOMBRE DE PERSONA
Nombre de persona Hernández Catá, Alfonso,
Fechas asociadas al nombre 1885-1940
9 (RLIN) 62908
245 13 - MENCIÓN DEL TÍTULO
Título Os sete pecados /
Mención de responsabilidad, etc. Alfonso Hernández Catá ; con un prefacio do autor expressamente escrito para esta ediçao ; traduçao de Novais Teixeira.
260 ## - PUBLICACIÓN, DISTRIBUCIÓN, ETC.
Lugar de publicación, distribución, etc. Porto :
Nombre del editor, distribuidor, etc. [s.n.],
Fecha de publicación, distribución, etc. 1927 (
Fabricante Imp. Civilizaçao)
300 ## - DESCRIPCIÓN FÍSICA
Extensión 271 p. ;
Dimensiones 19 cm.
530 ## - NOTA DISPONIBLE DE FORMULARIO FÍSICO ADICIONAL
Nota de formato físico adicional disponible Disponible en formato digital.
700 1# - ENTRADA AGREGADA--NOMBRE PERSONAL
Nombre de persona Novais Teixeira, Joaquim.
9 (RLIN) 174586
852 4# - LOCALIZACIÓN
Ubicación ES-MaACL
Número de control de estantería F-3184
Ubicación en estantería Depósito 2
Nota libre Revisado enlace: 27 de julio de 2025
856 4# - LOCALIZACIÓN Y ACCESO ELECTRÓNICOS
Identificador Uniforme de Recursos <a href="http://bdh-rd.bne.es/viewer.vm?id=0000216561&page=1 ">http://bdh-rd.bne.es/viewer.vm?id=0000216561&page=1 </a>
Texto de enlace (Biblioteca Digital Hispánica)
942 ## - ELEMENTOS DE ENTRADA SECUNDARIOS (KOHA)
Fuente del sistema de clasificación o colocación Clasificación decimal universal
Holdings
Estatus retirado Estado de pérdida Estado de daño No para préstamo Colección Biblioteca de origen Biblioteca actual Ubicación en estantería Fecha de adquisición Fuente de adquisición Total de préstamos Signatura topográfica completa Código de barras Visto por última vez Precio de reemplazo Tipo de ítem Koha
        Colección digital Biblioteca del Ateneo de Madrid Biblioteca del Ateneo de Madrid Depósito 2 17/01/2008     F-3184 1082737 23/02/2023 23/02/2023 Libro impreso